Normal view
MARC view
Entry Personal Name
001 - CONTROL NUMBER
- control field: 28477
003 - CONTROL NUMBER IDENTIFIER
- control field: ARRUPE
005 - DATE AND TIME OF LATEST TRANSACTION
- control field: 20170125100139.0
008 - FIXED-LENGTH DATA ELEMENTS
- fixed length control field: 170125|| aca||aabn | a|a d
040 ## - CATALOGING SOURCE
- Original cataloging agency: ARRUPE
- Transcribing agency: ARRUPE
100 ## - HEADING--PERSONAL NAME
- Personal name: D'Souza, Gregory
670 ## - SOURCE DATA FOUND
- Source citation: Work cat.: (ARRUPE): D'Souza, Gregory, Transforming Flame, 1988